=LDR 00000nam 2200000 4500 =001 INLIS000000000050982 =005 20170808103138 =035 ##$$a 0010-0817000165 =007 ta =008 170808###########################0###### =020 ##$$a 978-433-414-6 =082 ##$$a 823 =084 ##$$a 823 GAA p =100 #$$a Gaarder, Jasten =245 1#$$a Putri Sirkul dan Lelaki Penjual Dongeng /$c Jasten Gaarder =250 ##$$a cet.1 =260 ##$$a Bandung :$b Mizan,$c 2006 =300 ##$$a 394 hlm ; $c 17 cm =650 ##$$a Fiksi Inggris - Terjemahan =700 #$$a R. Rahantati Bambang =990 ##$$a 91109110 =990 ##$$a 31701565